000 00633cam a2200253 4500
008 000000n1996 000 0 eng u
020 _a056607785X
035 _a(Sirsi) u112012
050 _a658.404
100 _aBriner, Wendy
100 _aHastings, Colin
100 _aGeddes, Michael
245 _aProject leadership.
250 _a2nd ed.
260 _aAldershop
_bGower
_c1996
300 _axi, 163p. ; 24cm.
350 _a17.95
500 _aReprinted 2001
650 _aMANAGEMENT
650 _aLEADERSHIP
650 _aMANAGEMENT-BUSINESS MANAGEMENT
690 _aProject management
_96261
942 _n0
999 _c101341
_d101341